000 00280 a2200121 4500
005 20250628180913.0
020 _a9781847105684
100 _aACCA
245 _aFinancial Management
260 _aBritain
_bKaplan
_c2008
300 _axxviii,268p.:ill; Table
_c29cm
942 _2ddc
_cBKS
999 _c6152
_d6152